00824nam a22001457a 4500003000400000005001700004008004100021022001800062040003100080245004800111260003700159300002800196500041600224650003800640OSt20241217105643.0241217b |||||||| |||| 00| 0 eng d 29781405753210 cCentral University Library aLaw Reports of the Commonwealth 2010 Vol. 5 aLondon, UKbButtwerworthscc2010 axxvii, 867 pagesc24 cm aGeneral Editors: Read James S. Prof. LL.B. of Gray’s Inn, Barrister. Slinn Peter E. M.A., PhD., Solicitor, England and Wales. Series Editor: Neville James BCL of King's Inn and of London's Inn, Barrister Sub-editor: Emile LLB, LLM, Ian Law. Editorial Consultant: Stafford Dianne, Director Legal and Constitutional Affairs Division, Commonwealth Secretariat. Senior Production Manager: Christine Stone.  2Law ReportxCommonwealth Nations